000 00972nam a22003137a 4500
003 CHAP
005 20220329143143.0
008 060829d2005 tw r 00110 eng d
010 _a92584
011 _a93556
020 _a9573007363
035 _a104133
040 _cCHAP
090 _aFolleto 17138
100 0 0 _aChen, Zueng-Sang
_eed.
_922134
245 1 0 _aCompost production :
_ba manual for Asian farmers
_c/ed. by Zueng-Sang Chen and Cristina Bejosano-Gloria
260 _aTaiwan :
_bFood & Fertilizer Technology Center,
_c2005.
300 _a73 p. :
_bilus.
590 _aBATCH-UPD
_b10
_c20130110
_lUCH01
_h0623
590 _aBATCH-UPD
_b10
_c20130111
_lUCH01
_h0000
590 _aCONVERSION
_b10
_c20130109
_lUCH01
_h1351
650 1 4 _aAbonos.
_9235
650 1 4 _aCompost.
_926105
700 1 _aBejosano-Gloria, Cristina
_eed.
_911325
901 _aBK
905 _aLilia
942 _cFOLL
949 _aFolleto17138
_bBC
_cFOLL
_d00000001041331
_eTS1
_i104133
_sb
999 _c92584
_d92584